000 00581nam a2200217Ia 4500
003 OSt
005 20230411163356.0
008 210423s2006 xx 000 0 und d
020 _a9780324311082
040 _cAL
041 _aeng
082 _a658.11 JENM
100 _aJENNINGS (Marianne Moody).
_986571
245 _aBusiness ethics: case studies and selected readings.
250 _a5
260 _aAustralia
_bThomson
_c2006
300 _axx,598
_bPB
365 _b595
_cINR
906 _aBusiness ; case ; ethics: ; readings. ; selected ; studies
942 _2ddc
_cBK
999 _c158514
_d158514